Normal view
MARC view
- Salahudin, Zarrar
Entry Personal Name
001 - CONTROL NUMBER
- control field: 16528
003 - CONTROL NUMBER IDENTIFIER
- control field: NUST
005 - DATE AND TIME OF LATEST TRANSACTION
- control field: 20190703073854.0
008 - FIXED-LENGTH DATA ELEMENTS
- fixed length control field: 190703|| aca||aabn | a|a d
040 ## - CATALOGING SOURCE
- Original cataloging agency: NUST
- Transcribing agency: NUST
100 ## - HEADING--PERSONAL NAME
- Personal name: Salahudin, Zarrar
670 ## - SOURCE DATA FOUND
- Source citation: Work cat.: (NUST): Salahudin, Zarrar, Gas Separation using amiono- modified ZIF/ Polymer Based Mixed Matrix Membrance /, 2018.
